| 000 | 01111nam a2200289Ia 4500 | ||
|---|---|---|---|
| 001 | ebr10049669 | ||
| 003 | CaPaEBR | ||
| 006 | m u | ||
| 007 | cr cn||||||||| | ||
| 008 | 040406s2004 enk gs 000 0 eng d | ||
| 020 | _z0727917293 | ||
| 040 |
_aCaPaEBR _cCaPaEBR |
||
| 035 | _a(OCoLC)70771506 | ||
| 050 | 1 | 4 |
_aRC735.R48 _bR47 2004eb |
| 245 | 0 | 0 |
_aRespiratory management in critical care _h[electronic resource] / _cedited by MJD Griffiths, TW Evans. |
| 260 |
_aLondon : _bBMJ Pub. Group, _c2004. |
||
| 300 | _a145 p. | ||
| 533 |
_aElectronic reproduction. _bPalo Alto, Calif. : _cebrary, _d2009. _nAvailable via World Wide Web. _nAccess may be limited to ebrary affiliated libraries. |
||
| 650 | 0 | _aRespiratory intensive care. | |
| 650 | 0 |
_aRespiratory organs _xDiseases _xTreatment. |
|
| 650 | 0 | _aRespiratory therapy. | |
| 655 | 7 |
_aElectronic books. _2local |
|
| 700 | 1 | _aGriffiths, M. J. D. | |
| 700 | 1 | _aEvans, Timothy W. | |
| 710 | 2 | _aebrary, Inc. | |
| 856 | 4 | 0 |
_uhttp://site.ebrary.com/lib/rucke/Doc?id=10049669 _zAn electronic book accessible through the World Wide Web; click to view |
| 999 |
_c180112 _d180112 |
||